Logo Quiz 1 (easy) - Statistiken

Allgemein
  • Dieses Quiz wurde 869 mal gespielt
  • Das Durchschnittsergebnis liegt bei 16 aus 16
Antwortstatistiken
Bildquiz Antwort % Korrekt
facebook
100%
Lego
100%
Adidas
99%
Apple
99%
Google
99%
Mercedes
99%
Milka
99%
Nike
99%
Volkswagen
98%
Instagram
97%
Pepsi
97%
Starbucks
97%
Ritter Sport
96%
Bluetooth
95%
Playstation
95%
Pringles
93%
Keine übereinstimmenden Quizze gefunden
Verteilung der Resultate
Anzahl Personen mit jedem Resultat
Perzentil nach korrekt beantworteten Fragen
Ihre Resultats-Entwicklung
Sie haben dieses Quiz noch nicht gespielt